Traite elementaire de mineralogie: Avec 212 figures dans le texte

Podrobná bibliografie
Hlavní autor: Pisani M. F.
Další autoři: Cloizeaux M. des (автор предисловия)
Shrnutí:Раздельная пагинация страниц
В описании используется грамматика 19 века
Jazyk:francouzština
Vydáno: Paris, G. Masson, Editeur, 1890
Vydání:Troisieme edition revue et augmentee
Témata:
Médium: MixedMaterials Kniha
KOHA link:https://koha.lib.tpu.ru/cgi-bin/koha/opac-detail.pl?biblionumber=359974

MARC

LEADER 00000nam0a2200000 4500
001 359974
005 20231102011234.0
035 |a (RuTPU)RU\TPU\retro\17281 
090 |a 359974 
100 |a 20210216d1890 m y0frey50 ba 
101 0 |a fre  |c fre 
102 |a FR 
105 |a a z 001zy 
200 1 |a Traite elementaire de mineralogie  |e Avec 212 figures dans le texte  |f M. F. Pisani  |g авт. предисл. M. des Cloizeaux 
205 |a Troisieme edition revue et augmentee 
210 |a Paris  |c G. Masson, Editeur  |c Libraire de l'Academie de Medecine  |d 1890 
215 |a VIII, 446 p.  |c il. 
300 |a Раздельная пагинация страниц 
300 |a В описании используется грамматика 19 века 
316 |5 63413507: 21//12  |a На титульном листе дарственная надпись: "В дар от Н. В. Асташева 25/X 904" 
316 |5 63413507: 21//12  |a В тексте многочисленные карандашные пометы 
316 |5 63413507: 21//12  |a На переднем форзаце владельческий экслибрис библиотеки ТТИ 
317 |5 63413507: 21//12  |a Поступил в НТБ в 1904 г. в дар от наследников Н. В. Асташева 
320 |a Table alphabetique: p. 418-446 
541 1 |a Элементарный трактат по минералогии  |z fre 
606 1 |a Минералогия  |2 stltpush  |3 (RuTPU)RU\TPU\subj\43907  |9 63333 
610 1 |a Коллекция Н. В. Асташева 
610 1 |a дарственные надписи 
610 1 |a дары 
610 1 |a французский язык 
610 1 |a кристаллография 
610 1 |a минералы 
610 1 |a геометрические формы 
610 1 |a физические свойства 
610 1 |a кристаллофизика 
610 1 |a классификация 
610 1 |a химические свойства 
610 1 |a кристаллохимия 
610 1 |a разновидности 
610 1 |a структура 
610 1 |a образование 
675 |a 549  |v 4 
700 1 |a Pisani  |b M. F. 
702 1 |a Cloizeaux  |b M. des  |4 080 
801 1 |a RU  |b 63413507  |c 20210216 
801 2 |a RU  |b 63413507  |c 20220602  |g RCR 
942 |c BK